Prowincje Turcji - Statystyki

Ogólne statystyki
  • Ten quiz został rozwiązany 1 635 razy
  • Średni wynik to 15 z 81
Odpowiedzi na mapie
Odpowiedzi zakodowano w zielono-czerwonej skali na mapie do tego quizu, zgodnie z poniższymi procentami.
 
Statystyki odpowiedzi
Prowincja % Poprawnych
Ankara
92%
Stambuł
89%
Antalya
63%
İzmir
60%
Bursa
42%
Konya
40%
Trabzon
39%
Adana
34%
Edirne
33%
Batman
30%
Gaziantep
29%
Samsun
29%
Van
25%
Erzurum
22%
Hatay
22%
Sivas
22%
Mersin
20%
Rize
20%
Kayseri
19%
Kars
17%
Denizli
16%
Diyarbakır
16%
Karaman
16%
Synopa
16%
Bolu
15%
Çanakkale
15%
Eskişehir
15%
Manisa
15%
Tekirdağ
15%
Malatya
14%
Muğla
14%
Aydın
13%
Bilecik
13%
Çorum
13%
Isparta
13%
Kocaeli
13%
Mardin
13%
Ordu
13%
Sakarya
13%
Tokat
13%
Afyonkarahisar
12%
Ağrı
12%
Artvin
12%
Balıkesir
12%
Hakkâri
12%
Muş
12%
Şanlıurfa
12%
Uşak
12%
Zonguldak
12%
Aksaray
11%
Amasya
11%
Burdur
11%
Elazığ
11%
Erzincan
11%
Giresun
11%
Iğdır
11%
Kahramanmaraş
11%
Kırklareli
11%
Kütahya
11%
Osmaniye
11%
Yalova
11%
Adıyaman
10%
Ardahan
10%
Bingöl
10%
Bitlis
10%
Karabük
10%
Kastamonu
10%
Kilis
10%
Nevşehir
10%
Niğde
10%
Siirt
10%
Yozgat
10%
Bartın
9%
Çankırı
9%
Düzce
9%
Kırıkkale
9%
Kırşehir
9%
Şırnak
9%
Bayburt
8%
Gümüşhane
8%
Tunceli
8%
Nie znaleziono quizów pasujących do podanych kryteriów
Rozkład punktacji
Procent ludzi z każdym wynikiem
Percentyl według liczby udzielonych odpowiedzi
Twoja historia wyników
Nie rozwiązałeś tego quizu